[Event "Liga Madrileña - DH 2018-2019"]
[Site "Madrid ESP"]
[Date "2019.02.10"]
[Round "9.3"]
[White "Alfaya Marcelo, Roberto"]
[Black "Fernandez Garcia, Miguel Angel"]
[Result "1/2-1/2"]
[WhiteElo "2145"]
[BlackElo "2298"]
[PlyCount "153"]
[EventDate "2018.11.18"]
[EventType "team-tourn"]
[EventRounds "14"]
[EventCountry "ESP"]
[SourceTitle "Ajedrez en Madrid"]
[Source "lmi"]
[SourceDate "2018.11.18"]
[SourceVersion "1"]
[SourceVersionDate "2019.04.02"]
[SourceQuality "1"]
[WhiteTeam "San Sebastian de los Reyes"]
[BlackTeam "Liberty Chess"]
[WhiteTeamCountry "ESP"]
[BlackTeamCountry "ESP"]

1. Nf3 d5 2. c4 d4 3. g3 c5 4. b4 cxb4 5. a3 bxa3 6. Bg2 g6 7. O-O Bg7 8. d3
Nc6 9. Bxa3 Nf6 10. Nfd2 O-O 11. Nb3 Nd7 12. N1d2 Re8 13. Nc5 Nxc5 14. Bxc5 Qc7
15. Ba3 Bd7 16. Qb3 Na5 17. Qb4 Bc6 18. Rfb1 Bxg2 19. Kxg2 b6 20. c5 Rab8 21.
cxb6 axb6 22. Rc1 Qe5 23. Kf1 Qd5 24. Kg1 Bh6 25. Rab1 Qe6 26. Re1 Nc6 27. Qb2
Qd5 28. Qb3 Qxb3 29. Nxb3 e5 30. Ra1 Bf8 31. Rec1 Rec8 32. Bxf8 Kxf8 33. Ra6
Ne7 34. Rxc8+ Nxc8 35. f4 f6 36. Kf2 Ke7 37. fxe5 fxe5 38. e3 dxe3+ 39. Kxe3
Nd6 40. d4 Nf5+ 41. Ke4 exd4 42. Nxd4 Nxd4 43. Ra7+ Kf6 44. Kxd4 h5 45. Kc4
Rc8+ 46. Kb3 Kg5 47. Ra4 Re8 48. Rf4 Re1 49. Kc3 Rh1 50. h4+ Kh6 51. Rf3 Rd1
52. Rf6 Rg1 53. Rf3 Kg7 54. Kc2 Re1 55. Rb3 Re6 56. Kd3 Kf6 57. Rb5 Ke7 58. Rg5
Kf6 59. Rb5 Ke7 60. Rg5 Kd6 61. g4 hxg4 62. Rxg4 Kc5 63. Rg5+ Kb4 64. h5 gxh5
65. Rxh5 Rc6 66. Rh1 b5 67. Rb1+ Ka5 68. Ra1+ Kb6 69. Rb1 Rc4 70. Rb3 Kc5 71.
Rc3 Kd5 72. Rxc4 bxc4+ 73. Kc3 Kc5 74. Kc2 Kd4 75. Kd2 c3+ 76. Kc2 Kc4 77. Kc1
1/2-1/2

[Event "Liga Madrileña - DH 2018-2019"]
[Site "Madrid ESP"]
[Date "2019.02.10"]
[Round "9.4"]
[White "Sanchez Gonzalez, Sergio"]
[Black "Gonzalez Tedin, Antonio"]
[Result "1-0"]
[WhiteElo "2288"]
[BlackElo "2154"]
[PlyCount "69"]
[EventDate "2018.11.18"]
[EventType "team-tourn"]
[EventRounds "14"]
[EventCountry "ESP"]
[SourceTitle "Ajedrez en Madrid"]
[Source "lmi"]
[SourceDate "2018.11.18"]
[SourceVersion "1"]
[SourceVersionDate "2019.04.02"]
[SourceQuality "1"]
[WhiteTeam "Liberty Chess"]
[BlackTeam "San Sebastian de los Reyes"]
[WhiteTeamCountry "ESP"]
[BlackTeamCountry "ESP"]

1. Nf3 Nf6 2. c4 c5 3. g3 b6 4. Bg2 Bb7 5. O-O g6 6. Nc3 Bg7 7. Re1 O-O 8. e4
d6 9. d4 cxd4 10. Nxd4 Qd7 11. h3 Nc6 12. Be3 Rfc8 13. b3 Nxd4 14. Bxd4 Bc6 15.
Qd3 Qb7 16. b4 e5 17. Be3 Bd7 18. Rac1 Be6 19. Nd5 Nxd5 20. exd5 Bf5 21. Qd2
Qa6 22. c5 bxc5 23. bxc5 dxc5 24. Bxc5 Rab8 25. Be7 Rxc1 26. Rxc1 Rc8 27. d6
Rxc1+ 28. Qxc1 h5 29. Qc7 Qa4 30. Kh2 Qd4 31. Qc6 e4 32. Qe8+ Kh7 33. Qxf7 h4
34. Bxh4 Kh6 35. Qe7 1-0

[Event "Liga Madrileña - DH 2018-2019"]
[Site "Madrid ESP"]
[Date "2019.02.10"]
[Round "9.5"]
[White "Hernandez Ramos, David"]
[Black "Moreno Ibañez, Miguel"]
[Result "0-1"]
[WhiteElo "2071"]
[BlackElo "2275"]
[PlyCount "70"]
[EventDate "2018.11.18"]
[EventType "team-tourn"]
[EventRounds "14"]
[EventCountry "ESP"]
[SourceTitle "Ajedrez en Madrid"]
[Source "lmi"]
[SourceDate "2018.11.18"]
[SourceVersion "1"]
[SourceVersionDate "2019.04.02"]
[SourceQuality "1"]
[WhiteTeam "San Sebastian de los Reyes"]
[BlackTeam "Liberty Chess"]
[WhiteTeamCountry "ESP"]
[BlackTeamCountry "ESP"]

1. d4 Nf6 2. c4 g6 3. Nc3 Bg7 4. e4 d6 5. h3 O-O 6. Be3 c6 7. Nf3 a6 8. a4 a5
9. Bd3 Na6 10. O-O Nb4 11. Bb1 e5 12. dxe5 dxe5 13. Qe2 Qe7 14. Ne1 Be6 15. b3
Nh5 16. Nd3 Nf4 17. Bxf4 exf4 18. e5 Bf5 19. Nxf4 Qxe5 20. Qxe5 Bxe5 21. Nfe2
Be6 22. Be4 f5 23. Bf3 Rfd8 24. Rad1 Nd3 25. Rd2 Nc5 26. Rb2 Rd3 27. Rc1 Rad8
28. Rbb1 g5 29. Kf1 Kg7 30. b4 axb4 31. Rxb4 Kg6 32. Rb6 Bc7 33. Rbb1 Ba5 34.
Nb5 cxb5 35. axb5 Nb3 0-1

[Event "Liga Madrileña - DH 2018-2019"]
[Site "Madrid ESP"]
[Date "2019.02.10"]
[Round "9.6"]
[White "Perez Gonzalez, Jose Manuel"]
[Black "Anton Quevedo, Andrea"]
[Result "1-0"]
[WhiteElo "2231"]
[BlackElo "1869"]
[PlyCount "77"]
[EventDate "2018.11.18"]
[EventType "team-tourn"]
[EventRounds "14"]
[EventCountry "ESP"]
[SourceTitle "Ajedrez en Madrid"]
[Source "lmi"]
[SourceDate "2018.11.18"]
[SourceVersion "1"]
[SourceVersionDate "2019.04.02"]
[SourceQuality "1"]
[WhiteTeam "Liberty Chess"]
[BlackTeam "San Sebastian de los Reyes"]
[WhiteTeamCountry "ESP"]
[BlackTeamCountry "ESP"]

1. e4 c5 2. Nf3 e6 3. d4 cxd4 4. Nxd4 a6 5. Bd3 Qc7 6. O-O Nf6 7. Qe2 d6 8. c4
Nbd7 9. b3 Be7 10. Bb2 b6 11. Nd2 Bb7 12. f4 Qc5 13. Kh1 O-O 14. Rae1 Qh5 15.
N4f3 Nc5 16. Bc2 a5 17. Qf2 Rad8 18. Nd4 Nfd7 19. Re3 Bh4 20. Qg1 Be7 21. Rh3
Qg6 22. e5 Ne4 23. f5 Qg4 24. Nxe4 Bxe4 25. Rg3 Qh4 26. Bxe4 dxe5 27. fxe6 Qxe4
28. exd7 exd4 29. Re1 Qh4 30. Qxd4 Qxd4 31. Bxd4 Bc5 32. Rxg7+ Kh8 33. Rxf7+
Kg8 34. Rg7+ Kh8 35. Rg4+ Bxd4 36. Rxd4 Kg7 37. Kg1 Rf7 38. Red1 Kf8 39. Rf1
1-0

[Event "Liga Madrileña - DH 2018-2019"]
[Site "Madrid ESP"]
[Date "2019.02.10"]
[Round "9.1"]
[White "Espinosa Aranda, Angel"]
[Black "Fernandez Blazquez, Diego"]
[Result "1-0"]
[WhiteElo "2475"]
[BlackElo "2248"]
[PlyCount "109"]
[EventDate "2018.11.18"]
[EventType "team-tourn"]
[EventRounds "14"]
[EventCountry "ESP"]
[SourceTitle "Ajedrez en Madrid"]
[Source "lmi"]
[SourceDate "2018.11.18"]
[SourceVersion "1"]
[SourceVersionDate "2019.04.02"]
[SourceQuality "1"]
[WhiteTeam "Virgen de Atocha"]
[BlackTeam "San Fernando de Henares"]
[WhiteTeamCountry "ESP"]
[BlackTeamCountry "ESP"]

1. e4 c5 2. Nf3 d6 3. Nc3 Nf6 4. e5 dxe5 5. Nxe5 Nbd7 6. d4 Nxe5 7. dxe5 Qxd1+
8. Kxd1 Ng4 9. Bb5+ Bd7 10. e6 Bxb5 11. Nxb5 O-O-O+ 12. Ke2 a6 13. Nc3 f5 14.
f3 Ne5 15. Bf4 Nc6 16. Na4 Nd4+ 17. Kf2 b6 18. Nxb6+ Kb7 19. Nc4 g5 20. Be5 Rg8
21. Rad1 Bg7 22. Rhe1 Nxc2 23. Rxd8 Rxd8 24. Bxg7 Nxe1 25. Kxe1 Rg8 26. Bc3 Rg6
27. Kd2 Rxe6 28. Kd3 Kc6 29. b3 h5 30. g3 g4 31. f4 h4 32. Ne5+ Kd5 33. gxh4
Rh6 34. Be1 Rb6 35. Bf2 Rd6 36. Nc4 Rf6 37. Ne3+ Ke6 38. Nc4 Kd5 39. Be1 Rh6
40. Ne3+ Ke6 41. Kc4 Kf7 42. Nxf5 Rf6 43. Ne3 Rxf4+ 44. Kxc5 Re4 45. Bf2 e5 46.
b4 Ke6 47. a4 Rf4 48. Bg3 Rd4 49. h5 Kf6 50. Nc4 Rd1 51. Bxe5+ Kg5 52. b5 axb5
53. axb5 Kxh5 54. b6 Rb1 55. Bb2 1-0

[Event "Liga Madrileña - DH 2018-2019"]
[Site "Madrid ESP"]
[Date "2019.02.10"]
[Round "9.2"]
[White "Jimenez Lopez, Antonio"]
[Black "Rubio Mejia, Luis Ignacio"]
[Result "1/2-1/2"]
[WhiteElo "2202"]
[BlackElo "2437"]
[PlyCount "54"]
[EventDate "2018.11.18"]
[EventType "team-tourn"]
[EventRounds "14"]
[EventCountry "ESP"]
[SourceTitle "Ajedrez en Madrid"]
[Source "lmi"]
[SourceDate "2018.11.18"]
[SourceVersion "1"]
[SourceVersionDate "2019.04.02"]
[SourceQuality "1"]
[WhiteTeam "San Fernando de Henares"]
[BlackTeam "Virgen de Atocha"]
[WhiteTeamCountry "ESP"]
[BlackTeamCountry "ESP"]

1. e4 c5 2. Nf3 e6 3. d4 cxd4 4. Nxd4 Nc6 5. Nc3 Qc7 6. Be3 a6 7. Qd2 Nf6 8.
O-O-O Bb4 9. f3 O-O 10. g4 b5 11. g5 Ne8 12. Nxc6 Qxc6 13. Bd4 d6 14. a3 Ba5
15. f4 b4 16. axb4 Bxb4 17. Bg2 Rb8 18. Qf2 Nc7 19. Rd3 Nb5 20. Bxg7 Kxg7 21.
e5 Qc5 22. Qh4 Nxc3 23. Qh6+ Kg8 24. Rh3 Na2+ 25. Kb1 Nc3+ 26. Kc1 Na2+ 27. Kb1
Nc3+ 1/2-1/2

[Event "Liga Madrileña - DH 2018-2019"]
[Site "Madrid ESP"]
[Date "2019.02.10"]
[Round "9.3"]
[White "Cabrera Trujillo, Jorge Juan"]
[Black "Garrido Olivares, Ricard"]
[Result "1/2-1/2"]
[WhiteElo "2322"]
[BlackElo "2165"]
[PlyCount "115"]
[EventDate "2018.11.18"]
[EventType "team-tourn"]
[EventRounds "14"]
[EventCountry "ESP"]
[SourceTitle "Ajedrez en Madrid"]
[Source "lmi"]
[SourceDate "2018.11.18"]
[SourceVersion "1"]
[SourceVersionDate "2019.04.02"]
[SourceQuality "1"]
[WhiteTeam "Virgen de Atocha"]
[BlackTeam "San Fernando de Henares"]
[WhiteTeamCountry "ESP"]
[BlackTeamCountry "ESP"]

1. Nf3 d5 2. g3 Nf6 3. Bg2 e6 4. c4 dxc4 5. Qc2 c5 6. Na3 Nc6 7. Nxc4 Be7 8. d3
O-O 9. O-O Bd7 10. Nfe5 Rc8 11. b3 Nd5 12. Bb2 Qc7 13. Rac1 Rfd8 14. a3 Be8 15.
e3 Bf6 16. Nxc6 Bxc6 17. e4 Nb6 18. Bxf6 gxf6 19. Ne3 Bb5 20. Rfd1 Qe7 21. Qc3
Ba6 22. a4 Rb8 23. Ng4 Nd7 24. e5 fxe5 25. Nxe5 Nxe5 26. Qxe5 Rbc8 27. d4 cxd4
28. Rxc8 Rxc8 29. Qxd4 b6 30. h4 Rc7 31. h5 h6 32. Qf4 Kg7 33. Qe5+ f6 34. Qe4
Qf7 35. Qg4+ Kh7 36. Rd6 f5 37. Qf4 Rd7 38. Bc6 Re7 39. Bf3 Bb7 40. Bxb7 Rxb7
41. Qe5 Re7 42. Rd8 Qg7 43. Qd6 Qf7 44. Kg2 Qg7 45. Qf4 Rd7 46. Re8 Re7 47. Ra8
Rc7 48. Re8 Re7 49. Rc8 Rd7 50. Rc6 Re7 51. Qb8 Qd4 52. Rc8 Qe4+ 53. Kg1 Qe1+
54. Kg2 Qe4+ 55. f3 Qe2+ 56. Kh3 Qf1+ 57. Kh2 Qf2+ 58. Kh3 1/2-1/2

[Event "Liga Madrileña - DH 2018-2019"]
[Site "Madrid ESP"]
[Date "2019.02.10"]
[Round "9.4"]
[White "Bustos Bernardo, Samuel"]
[Black "Aguilera Lopez, Alejandro"]
[Result "1-0"]
[WhiteElo "2148"]
[BlackElo "2214"]
[PlyCount "75"]
[EventDate "2018.11.18"]
[EventType "team-tourn"]
[EventRounds "14"]
[EventCountry "ESP"]
[SourceTitle "Ajedrez en Madrid"]
[Source "lmi"]
[SourceDate "2018.11.18"]
[SourceVersion "1"]
[SourceVersionDate "2019.04.02"]
[SourceQuality "1"]
[WhiteTeam "San Fernando de Henares"]
[BlackTeam "Virgen de Atocha"]
[WhiteTeamCountry "ESP"]
[BlackTeamCountry "ESP"]

1. Nf3 e6 2. c4 f5 3. g3 Nf6 4. Bg2 Be7 5. O-O O-O 6. d4 d5 7. Nc3 c6 8. Qc2
Qe8 9. Rb1 Qh5 10. b4 Nbd7 11. b5 c5 12. cxd5 exd5 13. dxc5 Bxc5 14. Qb3 Nb6
15. Ne5 Be6 16. Nd3 Bd6 17. Bf4 Rfd8 18. Rfd1 g5 19. Bxd6 Rxd6 20. Nc5 Bf7 21.
Rd4 Ne4 22. Nxb7 Rd7 23. Na5 Nxc3 24. Qxc3 Qxe2 25. a4 Re8 26. Rbd1 Nxa4 27.
Qc1 Nb6 28. Qxg5+ Bg6 29. Bf1 Qe7 30. Qd2 Bh5 31. Nc6 Qf6 32. Ra1 Bf3 33. Rxa7
Rxa7 34. Nxa7 Ra8 35. Nc6 Ra1 36. Qc3 Rd1 37. Qxf3 Rxd4 38. Qc3 1-0

[Event "Liga Madrileña - DH 2018-2019"]
[Site "Madrid ESP"]
[Date "2019.02.10"]
[Round "9.5"]
[White "Vazquez Torres, Adrian"]
[Black "De la Orden Alcocer, Alejandro"]
[Result "1/2-1/2"]
[WhiteElo "2154"]
[BlackElo "1962"]
[PlyCount "92"]
[EventDate "2018.11.18"]
[EventType "team-tourn"]
[EventRounds "14"]
[EventCountry "ESP"]
[SourceTitle "Ajedrez en Madrid"]
[Source "lmi"]
[SourceDate "2018.11.18"]
[SourceVersion "1"]
[SourceVersionDate "2019.04.02"]
[SourceQuality "1"]
[WhiteTeam "Virgen de Atocha"]
[BlackTeam "San Fernando de Henares"]
[WhiteTeamCountry "ESP"]
[BlackTeamCountry "ESP"]

1. e4 c6 2. d4 g6 3. Be3 d5 4. Nd2 dxe4 5. Nxe4 Bg7 6. Qd2 Nf6 7. Nxf6+ exf6 8.
Bc4 O-O 9. h4 Be6 10. Bd3 Nd7 11. h5 Qe7 12. Ne2 c5 13. c3 cxd4 14. Nxd4 Ne5
15. Bc2 Nc4 16. Qe2 Nxe3 17. fxe3 Qd7 18. hxg6 hxg6 19. O-O-O Bg4 20. Nf3 Qe7
21. e4 Rfd8 22. Rdf1 b5 23. Qxb5 Rab8 24. Qa4 Qb7 25. b3 Qc7 26. Qc4 Qa5 27.
Kb2 Bf8 28. Nd4 Rdc8 29. Qd3 Rxc3 30. Qd2 Rbc8 31. Kb1 Qe5 32. Rh4 f5 33. exf5
Rxc2 34. Nxc2 Bxf5 35. Rxf5 Qxf5 36. Rd4 Qf6 37. Qf4 Qb6 38. Ne3 Bg7 39. Nd5
Qe6 40. Rc4 Qe1+ 41. Qc1 Re8 42. Qxe1 Rxe1+ 43. Rc1 Re2 44. Rc2 Re1+ 45. Rc1
Re2 46. Rc2 Re1+ 1/2-1/2

[Event "Liga Madrileña - DH 2018-2019"]
[Site "Madrid ESP"]
[Date "2019.02.10"]
[Round "9.6"]
[White "Lucas Quintans, Carlos"]
[Black "Rodriguez del Pino, Daniel"]
[Result "1-0"]
[WhiteElo "1927"]
[BlackElo "1875"]
[PlyCount "65"]
[EventDate "2018.11.18"]
[EventType "team-tourn"]
[EventRounds "14"]
[EventCountry "ESP"]
[SourceTitle "Ajedrez en Madrid"]
[Source "lmi"]
[SourceDate "2018.11.18"]
[SourceVersion "1"]
[SourceVersionDate "2019.04.02"]
[SourceQuality "1"]
[WhiteTeam "San Fernando de Henares"]
[BlackTeam "Virgen de Atocha"]
[WhiteTeamCountry "ESP"]
[BlackTeamCountry "ESP"]

1. d4 d5 2. Nf3 Nf6 3. g3 e6 4. Bg2 c5 5. e3 Be7 6. O-O O-O 7. Nbd2 Nc6 8. c4
cxd4 9. exd4 Bd7 10. b3 Rc8 11. Bb2 Na5 12. Ne5 Bb4 13. Rc1 dxc4 14. Ndxc4 Nxc4
15. bxc4 Qa5 16. Nxd7 Nxd7 17. Qb3 Rc7 18. Rc2 Rfc8 19. Rd1 Be7 20. c5 Qa6 21.
Rc4 e5 22. Ra4 Qg6 23. Bxb7 Rb8 24. Rxa7 exd4 25. Bxd4 h5 26. Qf3 Bxc5 27. Be4
Qb6 28. Rxc7 Qxc7 29. Ba1 Ne5 30. Qxh5 Re8 31. Qh7+ Kf8 32. Qh8+ Ke7 33. Qxg7
1-0

[Event "Liga Madrileña - DH 2018-2019"]
[Site "Madrid ESP"]
[Date "2019.02.17"]
[Round "10.1"]
[White "Valles Moreno, Ivan"]
[Black "Pulvett Marin, Daniel Eduardo"]
[Result "0-1"]
[WhiteElo "2413"]
[BlackElo "2464"]
[PlyCount "92"]
[EventDate "2018.11.18"]
[EventType "team-tourn"]
[EventRounds "14"]
[EventCountry "ESP"]
[SourceTitle "Ajedrez en Madrid"]
[Source "lmi"]
[SourceDate "2018.11.18"]
[SourceVersion "1"]
[SourceVersionDate "2019.04.02"]
[SourceQuality "1"]
[WhiteTeam "Liberty Chess"]
[BlackTeam "64 Villalba"]
[WhiteTeamCountry "ESP"]
[BlackTeamCountry "ESP"]

1. Nf3 Nf6 2. c4 g6 3. Nc3 Bg7 4. e4 d6 5. d4 O-O 6. Be2 e5 7. O-O c6 8. Be3
exd4 9. Bxd4 Re8 10. Qc2 Nbd7 11. Rad1 Qe7 12. Rfe1 Nc5 13. b4 Ne6 14. Be3 Ng4
15. Bc1 a5 16. a3 axb4 17. axb4 Ne5 18. Be3 Ng4 19. Bc1 Ne5 20. Be3 Nxf3+ 21.
Bxf3 Be5 22. Ne2 Ng5 23. Bxg5 Qxg5 24. g3 f5 25. Bg2 fxe4 26. Bxe4 Qf6 27. Kg2
Bd7 28. h4 Re7 29. h5 g5 30. f3 g4 31. f4 Bb2 32. Rb1 Ba1 33. Rb3 Rae8 34. Re3
Kf8 35. Qb1 Bb2 36. h6 d5 37. cxd5 cxd5 38. Rb3 Rxe4 39. Qxb2 Qxb2 40. Rxb2 d4
41. Rd2 d3 42. Rxd3 Rxe2+ 43. Rxe2 Rxe2+ 44. Kg1 Ke7 45. Rd5 Rg2+ 46. Kh1 Rxg3
0-1

[Event "Liga Madrileña - DH 2018-2019"]
[Site "Madrid ESP"]
[Date "2019.02.17"]
[Round "10.2"]
[White "Khamrakulov, Ibragim S"]
[Black "Garcia Cuenca, Victor Manuel"]
[Result "0-1"]
[WhiteElo "2450"]
[BlackElo "2344"]
[PlyCount "112"]
[EventDate "2018.11.18"]
[EventType "team-tourn"]
[EventRounds "14"]
[EventCountry "ESP"]
[SourceTitle "Ajedrez en Madrid"]
[Source "lmi"]
[SourceDate "2018.11.18"]
[SourceVersion "1"]
[SourceVersionDate "2019.04.02"]
[SourceQuality "1"]
[WhiteTeam "64 Villalba"]
[BlackTeam "Liberty Chess"]
[WhiteTeamCountry "ESP"]
[BlackTeamCountry "ESP"]

1. e4 c5 2. c3 Nf6 3. e5 Nd5 4. Bc4 e6 5. Nf3 d6 6. d4 cxd4 7. cxd4 Be7 8. O-O
O-O 9. Qe2 Bd7 10. Nbd2 Bc6 11. Ne4 dxe5 12. dxe5 Nd7 13. Rd1 Qc7 14. Bg5 Nxe5
15. Nxe5 Qxe5 16. Bxe7 Nxe7 17. Nc3 Qg5 18. Ne4 Qf4 19. Nd6 Nd5 20. Ne4 Rad8
21. g3 Qf5 22. f3 Nf6 23. Rxd8 Rxd8 24. Rd1 Rxd1+ 25. Qxd1 g6 26. Nd2 Qc5+ 27.
Kh1 Qd4 28. Qe2 Qxb2 29. Kg2 Kg7 30. Kh3 h5 31. Qe3 a5 32. Nb3 Ng4 33. Qe2 Qxe2
34. Bxe2 Ne5 35. Nxa5 Nxf3 36. Nxc6 Ng1+ 37. Kg2 Nxe2 38. Na5 b5 39. Nc6 Nc3
40. Nb4 Kf6 41. Kf2 Ke5 42. Ke1 Kd4 43. Kd2 Kc4 44. Nc6 Nxa2 45. Ne5+ Kd5 46.
Nxf7 Nb4 47. Nh8 g5 48. Nf7 g4 49. Ng5 Nc6 50. Nh7 Ke5 51. Nf8 Kf5 52. Nd7 Ne5
53. Nc5 Nf3+ 54. Ke3 Nxh2 55. Nd3 Nf1+ 56. Kf2 Nd2 0-1

[Event "Liga Madrileña - DH 2018-2019"]
[Site "Madrid ESP"]
[Date "2019.02.17"]
[Round "10.3"]
[White "Fernandez Garcia, Miguel Angel"]
[Black "Soham, Das"]
[Result "0-1"]
[WhiteElo "2298"]
[BlackElo "2389"]
[PlyCount "106"]
[EventDate "2018.11.18"]
[EventType "team-tourn"]
[EventRounds "14"]
[EventCountry "ESP"]
[SourceTitle "Ajedrez en Madrid"]
[Source "lmi"]
[SourceDate "2018.11.18"]
[SourceVersion "1"]
[SourceVersionDate "2019.04.02"]
[SourceQuality "1"]
[WhiteTeam "Liberty Chess"]
[BlackTeam "64 Villalba"]
[WhiteTeamCountry "ESP"]
[BlackTeamCountry "ESP"]

1. d4 f5 2. g3 Nf6 3. Bg2 g6 4. Nh3 Bg7 5. Nf4 Nc6 6. d5 Ne5 7. c3 c6 8. Qb3
cxd5 9. Nxd5 Nxd5 10. Bxd5 e6 11. Bg2 d5 12. Nd2 Qc7 13. Nf3 Nc4 14. O-O Bd7
15. Qc2 O-O 16. b3 Nb6 17. Bb2 e5 18. e3 h6 19. Rac1 Rac8 20. Qd2 Be6 21. Nh4
Kh7 22. f4 e4 23. Bh3 Bf6 24. Rc2 Qg7 25. Rfc1 Rc6 26. Bf1 Rfc8 27. Ng2 g5 28.
Be2 a6 29. Kf2 Nd7 30. Kg1 b5 31. Bf1 b4 32. c4 Bxb2 33. Rxb2 dxc4 34. bxc4 a5
35. a3 bxa3 36. Ra2 Nb6 37. Qxa5 Nxc4 38. Bxc4 Rxc4 39. Rxc4 Rxc4 40. Re2 Rc1+
41. Kf2 a2 42. Rxa2 Bxa2 43. Qxa2 Qc7 44. Ne1 Qd7 45. fxg5 hxg5 46. Qe2 Kg6 47.
Qa6+ Rc6 48. Qa5 Qb7 49. Qe5 Qd7 50. Ke2 Rc1 51. Qa5 Qd1+ 52. Kf2 Ra1 53. Qc7
Qxe1+ 0-1

[Event "Liga Madrileña - DH 2018-2019"]
[Site "Madrid ESP"]
[Date "2019.02.17"]
[Round "10.4"]
[White "Ruperez Benito, Antonio"]
[Black "Sanchez Gonzalez, Sergio"]
[Result "1/2-1/2"]
[WhiteElo "2340"]
[BlackElo "2288"]
[PlyCount "55"]
[EventDate "2018.11.18"]
[EventType "team-tourn"]
[EventRounds "14"]
[EventCountry "ESP"]
[SourceTitle "Ajedrez en Madrid"]
[Source "lmi"]
[SourceDate "2018.11.18"]
[SourceVersion "1"]
[SourceVersionDate "2019.04.02"]
[SourceQuality "1"]
[WhiteTeam "64 Villalba"]
[BlackTeam "Liberty Chess"]
[WhiteTeamCountry "ESP"]
[BlackTeamCountry "ESP"]

1. e4 c5 2. Nf3 e6 3. b3 a6 4. Bb2 b5 5. a4 b4 6. d4 cxd4 7. Nxd4 Bb7 8. Nd2
Nf6 9. Bd3 d5 10. Qe2 Qc7 11. O-O Nbd7 12. Rfe1 Bd6 13. N4f3 Ne5 14. exd5 Nxf3+
15. Qxf3 Bxd5 16. Qh3 Be7 17. Nc4 Bb7 18. Be5 Qc5 19. Rad1 Rd8 20. Qg3 Bd5 21.
Qe3 Ng4 22. Qg3 Nf6 23. Ne3 Bb7 24. Bb2 O-O 25. Ng4 Nxg4 26. Qxg4 Qg5 27. Qxg5
Bxg5 28. Bc4 1/2-1/2

[Event "Liga Madrileña - DH 2018-2019"]
[Site "Madrid ESP"]
[Date "2019.02.17"]
[Round "10.5"]
[White "Moreno Ibañez, Miguel"]
[Black "Longa Yauca, Javier"]
[Result "0-1"]
[WhiteElo "2275"]
[BlackElo "2241"]
[PlyCount "91"]
[EventDate "2018.11.18"]
[EventType "team-tourn"]
[EventRounds "14"]
[EventCountry "ESP"]
[SourceTitle "Ajedrez en Madrid"]
[Source "lmi"]
[SourceDate "2018.11.18"]
[SourceVersion "1"]
[SourceVersionDate "2019.04.02"]
[SourceQuality "1"]
[WhiteTeam "Liberty Chess"]
[BlackTeam "64 Villalba"]
[WhiteTeamCountry "ESP"]
[BlackTeamCountry "ESP"]

1. e4 Nc6 2. Nf3 d6 3. d4 Nf6 4. Nc3 g6 5. h3 Bg7 6. Be3 O-O 7. Qd2 e5 8. d5
Ne7 9. g4 c6 10. g5 Nh5 11. O-O-O c5 12. Ne2 Kh8 13. h4 a6 14. Bh3 Bxh3 15.
Rxh3 Qd7 16. Rdh1 b5 17. Ng3 Qg4 18. Qe2 Nxg3 19. fxg3 f5 20. gxf6 Rxf6 21. Ng1
Qxe4 22. Bg5 Qxd5 23. Bxf6 Bxf6 24. Qf3 Rf8 25. Qxd5 Nxd5 26. Ne2 Ne3 27. Nc3
d5 28. Re1 d4 29. Nd1 Ng4 30. Rhh1 Kg7 31. Rhf1 h5 32. c3 e4 33. Rf4 e3 34. b4
Rc8 35. a3 cxb4 36. axb4 a5 37. Kb1 d3 38. Rxg4 hxg4 39. Rxe3 axb4 40. Rxd3
bxc3 41. Kc2 b4 42. Ne3 Be5 43. Rd7+ Kf8 44. Kb3 c2 45. Nxc2 Rc3+ 46. Kb2 0-1

[Event "Liga Madrileña - DH 2018-2019"]
[Site "Madrid ESP"]
[Date "2019.02.17"]
[Round "10.6"]
[White "Gutierrez Diaz, Pablo"]
[Black "Perez Gonzalez, Jose Manuel"]
[Result "0-1"]
[WhiteElo "1862"]
[BlackElo "2231"]
[PlyCount "76"]
[EventDate "2018.11.18"]
[EventType "team-tourn"]
[EventRounds "14"]
[EventCountry "ESP"]
[SourceTitle "Ajedrez en Madrid"]
[Source "lmi"]
[SourceDate "2018.11.18"]
[SourceVersion "1"]
[SourceVersionDate "2019.04.02"]
[SourceQuality "1"]
[WhiteTeam "64 Villalba"]
[BlackTeam "Liberty Chess"]
[WhiteTeamCountry "ESP"]
[BlackTeamCountry "ESP"]

1. e4 c5 2. c4 Nc6 3. f4 g6 4. Nc3 Bg7 5. Nf3 d6 6. d3 Bg4 7. Be2 e6 8. Be3
Nge7 9. O-O O-O 10. Qa4 a6 11. Rac1 b5 12. cxb5 axb5 13. Qxb5 Rb8 14. Qa4 Rxb2
15. Rf2 Qa8 16. Bd1 Rxf2 17. Bxf2 Qxa4 18. Bxa4 Bxf3 19. gxf3 Ra8 20. Bxc6 Nxc6
21. Nb5 Bf8 22. e5 dxe5 23. Bxc5 Bxc5+ 24. Rxc5 Nb4 25. fxe5 Nxd3 26. Rc2 Nxe5
27. Kg2 Nd3 28. Nc7 Ra3 29. Rd2 Ne1+ 30. Kf2 Nxf3 31. Rd8+ Kg7 32. Rd7 Nxh2 33.
Ne8+ Kf8 34. Nc7 Ng4+ 35. Kg2 Rxa2+ 36. Kg3 Nf6 37. Rd1 Ra5 38. Rf1 Kg7 0-1

[Event "Liga Madrileña - DH 2018-2019"]
[Site "Madrid ESP"]
[Date "2019.02.17"]
[Round "10.1"]
[White "Vallejo Diaz, Javier"]
[Black "Iturrizaga Bonelli, Eduardo"]
[Result "0-1"]
[WhiteElo "2371"]
[BlackElo "2640"]
[PlyCount "58"]
[EventDate "2018.11.18"]
[EventType "team-tourn"]
[EventRounds "14"]
[EventCountry "ESP"]
[SourceTitle "Ajedrez en Madrid"]
[Source "lmi"]
[SourceDate "2018.11.18"]
[SourceVersion "1"]
[SourceVersionDate "2019.04.02"]
[SourceQuality "1"]
[WhiteTeam "Alcorcon"]
[BlackTeam "Collado Villalba"]
[WhiteTeamCountry "ESP"]
[BlackTeamCountry "ESP"]

1. d4 Nf6 2. Bg5 d5 3. Bxf6 exf6 4. e3 Bd6 5. Bd3 O-O 6. Qf3 c6 7. Ne2 Re8 8.
Nd2 a5 9. h4 Qd7 10. g3 a4 11. a3 b5 12. c3 f5 13. h5 Na6 14. Qg2 Nc7 15. Nf3
Qe7 16. Nh4 Qg5 17. Kd2 Rb8 18. Qf3 Re4 19. Nf4 Na8 20. Rag1 Nb6 21. Bxe4 fxe4
22. Qe2 Bg4 23. f3 Nc4+ 24. Kc2 exf3 25. Nxf3 Qe7 26. Rh4 Bf5+ 27. Nd3 Bxa3 28.
Nfe5 Bxb2 29. Kd1 Bxc3 0-1

[Event "Liga Madrileña - DH 2018-2019"]
[Site "Madrid ESP"]
[Date "2019.02.17"]
[Round "10.2"]
[White "Moreno Ruiz, Javier"]
[Black "Vallejo Diaz, Jesus"]
[Result "1-0"]
[WhiteElo "2461"]
[BlackElo "2204"]
[PlyCount "41"]
[EventDate "2018.11.18"]
[EventType "team-tourn"]
[EventRounds "14"]
[EventCountry "ESP"]
[SourceTitle "Ajedrez en Madrid"]
[Source "lmi"]
[SourceDate "2018.11.18"]
[SourceVersion "1"]
[SourceVersionDate "2019.04.02"]
[SourceQuality "1"]
[WhiteTeam "Collado Villalba"]
[BlackTeam "Alcorcon"]
[WhiteTeamCountry "ESP"]
[BlackTeamCountry "ESP"]

1. d4 Nf6 2. c4 e6 3. Nc3 Bb4 4. e3 b6 5. Nge2 Bb7 6. a3 Be7 7. d5 O-O 8. e4
exd5 9. cxd5 Re8 10. g3 Bc5 11. Bg2 Ng4 12. O-O Qf6 13. Nf4 Nxf2 14. Rxf2 Bxf2+
15. Kxf2 c5 16. Kg1 d6 17. Nb5 Qd8 18. Nh5 Qd7 19. Bh6 f5 20. Nxg7 Qxb5 21.
Nxf5 1-0